LEADER 01565nam 2200445 450 001 996475771503316 005 20231110224724.0 010 $a3-031-06433-X 035 $a(MiAaPQ)EBC6986726 035 $a(Au-PeEL)EBL6986726 035 $a(CKB)22442172200041 035 $a(PPN)268885664 035 $a(EXLCZ)9922442172200041 100 $a20221203d2022 uy 0 101 0 $aeng 135 $aurcnu|||||||| 181 $ctxt$2rdacontent 182 $cc$2rdamedia 183 $acr$2rdacarrier 200 00$aImage analysis and processing -- ICIAP 2022 $e21st international conference, Lecce, Italy, May 23-27, 2022, proceedings : part III /$fedited by Stan Sclaroff [and four others] 210 1$aCham, Switzerland :$cSpringer,$d[2022] 210 4$d©2022 215 $a1 online resource (507 pages) 225 1 $aLecture Notes in Computer Science ;$vv.13233 311 08$aPrint version: Sclaroff, Stan Image Analysis and Processing - ICIAP 2022 Cham : Springer International Publishing AG,c2022 9783031064326 320 $aIncludes bibliographical references and index. 410 0$aLecture Notes in Computer Science 606 $aImage analysis 606 $aImage processing$xDigital techniques 615 0$aImage analysis. 615 0$aImage processing$xDigital techniques. 676 $a006.6 702 $aSclaroff$b Stan 801 0$bMiAaPQ 801 1$bMiAaPQ 801 2$bMiAaPQ 906 $aBOOK 912 $a996475771503316 996 $aImage Analysis and Processing - ICIAP 2022$92984388 997 $aUNISA LEADER 00961cam0 22002531 450 001 SOBE00083343 005 20250529083439.0 100 $a20250529d1953 |||||ita|0103 ba 101 $aeng 102 $aGB 200 1 $aItalian pictures of the Renaissance$ea list of the principal artists and their works with an index of places$fby Bernhard Berenson 210 $aOxford$cClarendon Press$d1953 215 $aX, 723 p. p.$d18 cm 500 10$aItalian pictures of the Renaissance$3SOBA00033958$9266859 700 1$aBerenson$b, Bernard$3AF00009673$4070$036069 801 0$aIT$bUNISOB$c20250529$gRICA 850 $aUNISOB 852 $aUNISOB$jFondo|Calì$m182984 912 $aSOBE00083343 940 $aM 102 Monografia moderna SBN 941 $aM 957 $aFondo|Calì$b000730$gSI$d182984$n20250408$hCali$rDono$tN$1rovito$2UNISOB$3UNISOB$420250529083308.0$520250529083401.0$6rovito 996 $aItalian pictures of the Renaissance$9266859 997 $aUNISOB